Every city in Hong Kong on a map - Statistics

General Stats
  • This quiz has been taken 139 times
  • The average score is 10 of 35
Answers on the Map
Answers color-coded by a green-red scale on the quiz's map according to % correct below.
 
Answer Stats
Population Name % Correct
2,230,550 Kowloon
89%
276,395 Tai Po
51%
487,724 Sha Tin
50%
923,028 Victoria
47%
501,491 Tuen Mun
46%
304,617 Tsuen Wan
43%
169,921 Yuen Long
42%
39,321 Sai Kung
39%
179,581 Tsing Yi
39%
116,022 Tung Chung
39%
154,164 Aberdeen
37%
210,356 Ma On Shan
36%
14,912 Stanley
36%
255,305 Fanling
33%
417,693 Tseung Kwan O
33%
277,731 Tin Shui Wai
32%
19,352 Discovery Bay
29%
19,769 Cheung Chau
28%
12,363 Repulse Bay
25%
316,217 Kwai Chung
24%
8,698 Sha Tau Kok
24%
14,409 Ma Wan
23%
22,257 Kam Tin
22%
74,958 Pok Fu Lam
18%
13,143 Lam Tsuen
13%
41,775 Ping Shan
13%
13,029 Pat Heung
10%
15,824 San Tin
10%
21,413 Ha Tsuen
9%
19,141 Fairview Park
8%
26,398 Shek Kong
8%
18,505 Kwan Tei
7%
38,718 Shap Pat Heung
6%
12,811 Tai Hang
5%
24,466 Tai Po Tsai
5%
No matching quizzes found
Score Distribution
Percent of People with Each Score
Percentile by Number Answered
Your Score History
You have not taken this quiz